000 00326nam a2200145Ia 4500
008 221030s9999 xx 000 0 und d
041 _aEnglish
082 _a105.23
100 _aD. Roddy
245 0 _aElectronic Communcations
_cby D. Roddy, J. Coolen
260 _c0
650 _aB
700 _aJ. Coolen
942 _cBK
999 _c11403
_d11403